Statistics for Natural geographical borders

Click here to take the quiz!

General Stats

  • This quiz has been taken 108 times
  • The average score is 11 of 20

Answer Stats

BorderAnswer% Correct
France/ItalyAlps
88%
Chile/ArgentinaAndes
86%
USA/MexicoRio Grande
82%
India/ChinaHimalayas
79%
Spain/MoroccoStrait of Gibraltar
79%
Ukraine/TurkeyBlack Sea
75%
Sudan/Saudi ArabiaRed Sea
75%
UK/FranceEnglish Channel
74%
France/SpainPyrenees
74%
Romania/BulgariaDanube
65%
Australia/New ZealandTasman Sea
58%
Mongolia/ChinaGobi Desert
56%
Azerbaijan/TurkmenistanCaspian Sea
53%
USA/RussiaBering Sea
51%
Germany/SwitzerlandRhine
51%
Poland/SlovakiaCarpathians
25%
D.R.of the Congo/TanzaniaLake Tanganyika
22%
China/North KoreaRiver Yalu
15%
Malaysia/SingaporeStraits of Johor
11%
Mexico/BelizeRiver Hondo
7%

Score Distribution

Percentile by Number Answered

Percent of People with Each Score

Your Score History

You have not taken this quiz